Search the Library Catalogue
| 000 -LEADER | |
|---|---|
| fixed length control field | 00861nam a2200253Ia 4500 |
| 008 - FIXED-LENGTH DATA ELEMENTS--GENERAL INFORMATION | |
| fixed length control field | 191130s2004##################000#0#eng## |
| 020 ## - INTERNATIONAL STANDARD BOOK NUMBER | |
| ISBN | 9780520249967 |
| 082 ## - DEWEY DECIMAL CLASSIFICATION NUMBER | |
| Classification number | 709.73 LEJ |
| 100 ## - MAIN ENTRY--AUTHOR NAME | |
| Personal name | Leja, Michael |
| 245 ## - TITLE STATEMENT | |
| Title | Looking askance : skepticism and American art from Eakins to Duchamp |
| Statement of responsibility, etc | Michael Leja |
| 260 ## - PUBLICATION, DISTRIBUTION, ETC. (IMPRINT) | |
| Place of publication | Berkeley |
| Name of publisher | University of California Press |
| Year of publication | 2004 |
| 300 ## - PHYSICAL DESCRIPTION | |
| Number of Pages | xiii, 300 p. : ill. (some col.) ; 26 cm |
| 500 ## - GENERAL NOTE | |
| General note | Includes bibliographical references and index |
| 650 ## - SUBJECT ADDED ENTRY--TOPICAL TERM | |
| Topical Term | Art and society - United States |
| Topical Term | Art, American - 19th century |
| Topical Term | Art, American - 20th century |
| Topical Term | Optical illusions in art |
| Topical Term | Visual perception - Psychological aspects |
| 991 ## - | |
| -- | 297552 |
| Withdrawn status | Lost status | Damaged status | Not for loan | Home library | Current library | Shelving location | Date acquired | Full call number | Accession Number | Price effective from | Koha item type |
|---|---|---|---|---|---|---|---|---|---|---|---|
| Anna Centenary Library | Anna Centenary Library | 6TH FLOOR, B WING | 13.10.2020 | 709.73 LEJ | 165332 | 13.10.2020 | English Books |